Law for All / (Record no. 610)

MARC details
000 -LEADER
fixed length control field 00454nam a22001577a 4500
005 - DATE AND TIME OF INPUT
control field 20231114083600.0
008 - DATA ELEMENTS--GENERAL INFORMATION
fixed length control field 231114b |||||||| |||| 00| 0 eng d
041 ## - LANGUAGE CODE
Language code of text English
082 ## - SHELF NUMBER
DDC number 345 LAW
100 ## - MAIN AUTHOR
Main author's name Conradie, L
Language of a work English
245 ## - TITLE STATEMENT
Title Law for All /
Statement of responsibility, etc. L Conradie
260 ## - PUBLICATION, DISTRIBUTION, ETC.
Place of publication, distribution, etc. Windhoek :
Name of publisher, distributor, etc. Out of Africa (Pty) Ltd,
Date of publication, distribution, etc. 2000
300 ## - PHYSICAL DESCRIPTION
Other physical details 28 pages ;
Dimensions 30,5 cm.
650 ## - SUBJECT`
Broad subject Legal practice
Own subject terms Law
942 ## - ADDED ENTRY ELEMENTS (KOHA)
Item type Books
942 ## - ADDED ENTRY ELEMENTS (KOHA)
-- ALISON_BN_VRIES
Holdings
Source of classification or shelving scheme Not for loan Collection code Home library Current library Shelving location Date acquired Full call number Barcode Price effective from Koha item type
Dewey Decimal Classification   TEXT BOOKS LAW SOCIETY OF NAMIBIA LIBRARY - WINDHOEK LAW SOCIETY OF NAMIBIA LIBRARY - WINDHOEK Criminal law and procedures 11/14/2023 345 LAW LSN/2009/90 11/14/2023 Books